LEADER 01692nam--2200481---450- 001 990000567010203316 005 20050518150042.0 010 $a88-372-1382-4 035 $a0056701 035 $aUSA010056701 035 $a(ALEPH)000056701USA01 035 $a0056701 100 $a20010716d1990----km-y0itay0103----ba 101 $aita 102 $aIT 105 $a||||||||001yy 200 1 $a<> forme del silenzio e della parola$eatti del Convegno Il silenzio e la parola$etenuto a Trento il 15-17 ottobre 1987$fa cura di Massimo Baldini, Silvano Zucal 210 $aBrescia$cMorcelliana$d1990 215 $a610 p.$d23 cm 225 2 $aReligione e cultura$v1 300 $aIn testa al front.: Istituto di scienze religiose in Trento 410 $12001$aReligione e cultura$v1 606 0 $aFilosofia del linguaggio$xCongressi$z1987 606 0 $aSilenzio$xFilosofia$xCongressi$z1987 606 0 $aCongressi$yTrento$z1987 676 $a149.94 702 1$aBALDINI,$bMassimo 702 1$aZUCAL,$bSilvano 710 12$aConvegno Il silenzio e la parola <1987 ; Trento>$0502565 801 0$aIT$bsalbc$gISBD 912 $a990000567010203316 951 $aII 2 Coll.9/1(XIV COLL. 58/1)$b100827 LM$cXIV COLL. 951 $aII 2 Coll.9/1a(XIV COLL. 58/1 BIS)$b113830 LM$cXIV COLL. 959 $aBK 969 $aUMA 979 $aPATTY$b90$c20010716$lUSA01$h1436 979 $aPATTY$b90$c20010716$lUSA01$h1438 979 $c20020403$lUSA01$h1706 979 $aCHIARA$b90$c20020523$lUSA01$h0855 979 $aPATRY$b90$c20040406$lUSA01$h1639 979 $aCOPAT7$b90$c20050518$lUSA01$h1500 996 $aForme del silenzio e della parola$9884028 997 $aUNISA